Sport and international relations /

Bibliographic Details
Other Authors: Lowe, Benjamin, Kanin, David B., Strenk, Andrew
Format: Book
Language:English
Published: Champaign. Ill. : Stipes Pub. Co., [1978]
Subjects:

MARC

Tag First Indicator Second Indicator Subfields
LEADER 00000cam a2200000 a 4500
001 in00000070410
005 20151008061733.0
008 781129s1978 ilu b 00100 eng d
020 |a 0875631622 
035 |a (OCoLC)04403806 
035 |9 AAJ8711AM 
040 |a AMH  |c AMH  |d TXA  |d UtOrBLW 
049 |a TXAM  |c [1406800] 
090 |a GV706  |b .S65 
245 0 0 |a Sport and international relations /  |c edited by Benjamin Lowe, David B. Kanin, Andrew Strenk. 
264 1 |a Champaign. Ill. :  |b Stipes Pub. Co.,  |c [1978] 
264 4 |c ©1978 
300 |a xv, 627 pages ;  |c 23 cm. 
336 |a text  |b txt  |2 rdacontent 
337 |a unmediated  |b n  |2 rdamedia 
338 |a volume  |b nc  |2 rdacarrier 
500 |a Includes index. 
504 |a Bibliography: pages 587-613. 
650 0 |a Sports  |x Social aspects. 
650 0 |a International relations. 
700 1 |a Lowe, Benjamin. 
700 1 |a Kanin, David B. 
700 1 |a Strenk, Andrew. 
999 |a MARS 
999 f f |s 670dbfbd-1acc-343e-9764-61530911e01b  |i 136b6d79-c519-3323-a1b5-8919ed4b3665  |t 0 
952 f f |p ric  |a Texas A&M University  |b Rellis Campus  |c Joint Library Facility  |d Remote Storage  |t 0  |e GV706 .S65  |h Library of Congress classification  |i unmediated -- volume  |m A14806116204 
998 f f |a GV706 .S65  |t 0  |l Remote Storage